Дело по представлению господина попечителя Виленского учебного округа об отсрочке требуемых Государственным контролем объяснений...

Доступно только в Электронных читальных залах Найти на картеНа карте
RUSMARC
00003767nmc2a22002413x 450
001577c729e-3f40-48f8-b8b9-50f5913aa57d
00520260202121443.0
100##$a20250717l18271830k l0rusy0189 ca
1010#$arus
102##$aRU
105##$ay###
1222#$ad
2001#$aДело по представлению господина попечителя Виленского учебного округа об отсрочке требуемых Государственным контролем объяснений от Виленского университета, по отчетам его округа за 1820, 1821, 1822 и 1823 годы
$j12 сентября 1827 г. - 27 сентября 1830 г.
215##$a18 л.
$d36,5х26 см
251##$cДело
300##$aДело
371##$aДокумент не является опубликованным и широко распространяемым
461#0$1001a74412a3-3cc5-4d21-8f0a-dfe2fbd9e72d
$12001
$aДепартамент народного просвещения Министерства народного просвещения (1803-1917)
$1251
$cФонд
$1852
$j733
462#0$1001ccc93d8c-a161-4593-b7db-1a3e4c2bc189
$12001
$aДела счетного отделения Департамента народного просвещения за 1819-1838 годы
$1251
$cОпись
$1852
$j111
801#0$aRU
$bРГИА
$c20250717
$gRCR
801#1$aRU
$bГлавНИВЦ
$c20250717
$2rusmarc
801#2$aRU
$bПБ им. Б.Н. Ельцина
$c20260202
$gRCR
$2rusmarc
850##$aРГИА
852##$aРГИА
$eФедеральное казенное учреждение "Российский государственный исторический архив" (РГИА)
$j370
937##$hРГИА
$d12094416
$aASBIBLIO_SCAN
035##$aRusGRCC00088642
856##$uhttp://readingroom.main.prlib.ru/item.aspx?id_node=n200323570&mode=full
Формат отображения